000 00736nam a2200217Ia 4500
001 10621
003 GE_BSU
008 181216s||||||||xx |||||||||||||| ||und||
020 _a1987–5045
040 _cGE_BSU
245 _aკარიბჭე №15 (257) 17–30 ივლისი 2014
245 _bმართლმადიდებლური ჟურნალი.
245 _cმთავარი რედაქტორი: თამარ მამაცაშვილი.
260 _aთბილისი
260 _bსტამბა კოლორი
260 _c2014.
300 _a78გვ;28სმ.
653 _aკარიბჭე.
653 _aპერიოდიკა
942 _cCR
999 _c43872
_d43872